000 00650nam a2200241Ia 4500
003 OSt
005 20221005090240.0
006 a|||||r|||| 00| 0
007 ta
008 221004b |||||||| |||| 00| 0 eng d
024 _a28377
037 _cTextual
040 _aCRL
_cCRL
_beng
041 _2eng
_aeng
082 _aE9G, L8
100 _aMarshall Alan G
_9615033
245 0 _aBiophysical chemistry
_b Principles, techniques, and applications
260 _aNew York
_bJohn wiley USA
_c1978
300 _a812p
_ccm.
650 _aCHEMISTRY
942 _hE9G, L8
_cTEXL
_2cc
999 _c995427
_d995427